Engineering properties of soils and rocks / (Record no. 546392)

000 -LEADER
fixed length control field 00531cam a2200181 a 4500
020 ## - INTERNATIONAL STANDARD BOOK NUMBER
International Standard Book Number 0408014571 (pbk.)
082 00 - DEWEY DECIMAL CLASSIFICATION NUMBER
Classification number 624.1513
Author Mark BEI
-- L-16, P-53
100 1# - MAIN ENTRY--PERSONAL NAME
Personal name Bell, F. G.
9 (RLIN) 42521
245 10 - TITLE STATEMENT
Title Engineering properties of soils and rocks /
Statement of responsibility, etc. F.G. Bell.
250 ## - EDITION STATEMENT
Edition statement 2nd ed.
260 ## - PUBLICATION, DISTRIBUTION, ETC.
Place of publication, distribution, etc. London ;
-- Boston :
Name of publisher, distributor, etc. Butterworths,
Date of publication, distribution, etc. 1983.
300 ## - PHYSICAL DESCRIPTION
Extent 149 p. :
Other physical details ill. ;
Dimensions 24 cm.
526 ## - STUDY PROGRAM INFORMATION NOTE
Program name 0
Interest level 0
Reading level 0
Title point value 624_151300000000000_BEI
650 #0 - SUBJECT ADDED ENTRY--TOPICAL TERM
Topical term or geographic name entry element MCE
9 (RLIN) 379
650 #0 - SUBJECT ADDED ENTRY--TOPICAL TERM
Topical term or geographic name entry element Rock mechanics.
9 (RLIN) 23489
650 #0 - SUBJECT ADDED ENTRY--TOPICAL TERM
Topical term or geographic name entry element Soil mechanics.
942 ## - ADDED ENTRY ELEMENTS (KOHA)
Source of classification or shelving scheme
Koha item type Book
Holdings
Withdrawn status Lost status Source of classification or shelving scheme Damaged status Not for loan Permanent Location Current Location Date acquired Total Checkouts Full call number Barcode Date last seen Price effective from Koha item type
          Military College of Engineering (MCE) Military College of Engineering (MCE) 06/11/2014   624.1513 BEI MCE-24299 06/11/2014 06/11/2014 Book
© 2023 Central Library, National University of Sciences and Technology. All Rights Reserved.